Ghettoyouth - Niro - Statistiques

Statistiques générales
  • Ce quiz a été pris 91 fois
  • Le résultat moyen est 139 sur 364
Statistiques - réponses
Réponse % Correct
de
100%
en
98%
ma
98%
dehors
96%
la
96%
La
96%
marche
96%
par
96%
solo
96%
confiance
93%
est
93%
morte
93%
que
91%
Que
91%
a
89%
à
89%
ghetto
89%
gros
89%
Parce
87%
Dîn
83%
ce
80%
Ghettoyouth
80%
on
80%
On
80%
Parle
80%
pas
76%
Pas
76%
le
74%
Le
74%
dans
72%
nos
72%
vu
70%
bâtiments
67%
des
67%
Des
67%
dautres
59%
pour
57%
dimanche
54%
Même
54%
Tu
54%
bécane
52%
jai
52%
Jai
52%
si
52%
armes
50%
Armés
50%
et
50%
Et
50%
gentiment
50%
Jvais
50%
les
50%
leur
50%
mon
50%
Japprenais
46%
préjugés
46%
se
43%
tjuger
43%
putain
41%
voyou
41%
soldats
39%
vrais
39%
dla
37%
ça
35%
Ça
35%
faisais
35%
leurs
35%
youth
35%
ciment
33%
dsentiments
33%
gosses
30%
qui
30%
Qui
30%
du
28%
mes
28%
drégiment
26%
dsuceurs
26%
Calcule
24%
damour
24%
font
24%
gens
24%
rumeurs
24%
alimentent
22%
an
22%
frimant
22%
maniements
22%
quen
22%
réussiras
22%
au
20%
fête
20%
mentent
20%
nouvel
20%
20%
part
20%
tiras
20%
trimant
20%
combat
17%
tête
17%
vie
17%
appris
15%
déprimant
15%
fait
15%
suceurs
15%
Un
15%
un
15%
fêter
13%
grand
13%
nulle
13%
peine
13%
ai
11%
Disneyland
11%
flamme
11%
grandi
11%
jlai
11%
lamour
11%
mappeler
11%
notre
11%
ouais
11%
ces
9%
déclare
9%
déterminé
9%
peur
9%
réprimande
9%
rue
9%
sur
9%
Bluff
7%
dépens
7%
détriment
7%
France
7%
Molotov
7%
Ni
7%
ni
7%
autres
4%
Dieu
4%
feu
4%
fils
4%
footeux
4%
haineux
4%
Jétais
4%
mais
4%
nous
4%
numéro
4%
pardonne
4%
peuvent
4%
sort
4%
tess
4%
Top
4%
trop
4%
une
4%
veuves
4%
allaient
2%
Automne
2%
aux
2%
bien
2%
cartonne
2%
cerveau
2%
Cest
2%
dêtre
2%
difficile
2%
Époque
2%
épreuves
2%
Face
2%
faire
2%
feuilles
2%
fou
2%
Jen
2%
Jsuis
2%
lenvie
2%
limpression
2%
maudit
2%
nez
2%
Quand
2%
quand
2%
quils
2%
Rompompompom
2%
sans
2%
stoppent
2%
Tremper
2%
ville
2%
vissé
2%
ya
2%
youths
2%
affaires
0%
applaudit
0%
Attends
0%
Aujourdhui
0%
Bah
0%
beaucoup
0%
cas
0%
cétaient
0%
chuter
0%
comme
0%
coûteuse
0%
daronnes
0%
dents
0%
dire
0%
douteuses
0%
enlever
0%
ferait
0%
foi
0%
fougueux
0%
grands
0%
icibas
0%
ils
0%
jalousie
0%
jles
0%
Jsais
0%
jusquaux
0%
Juste
0%
lchoix
0%
lcocktail
0%
lÉtat
0%
lharam
0%
lsel
0%
lterrain
0%
monter
0%
mourir
0%
ovation
0%
parole
0%
péchés
0%
perdre
0%
plaisir
0%
pleurer
0%
Pourquoi
0%
ptit
0%
qtous
0%
quavant
0%
ravis
0%
regarde
0%
restait
0%
rotation
0%
seraient
0%
Sheitan
0%
shooter
0%
thug
0%
titpe
0%
titres
0%
tonnes
0%
tous
0%
veulent
0%
Aucun quiz correspondant
Distribution des résultats
% des personnes avec chaque résultat
Percentile par nombre de réponses
Votre historique - résultats
Vous n’avez pas pris ce quiz